Chetan Bhagat's Views in What young India wants/ (Record no. 172823)

MARC details
000 -LEADER
fixed length control field 00546nam a22001817a 4500
005 - DATE AND TIME OF LATEST TRANSACTION
control field 20200213125251.0
010 ## - LCCN (DPL NO)
LC control number ENG-127728
020 ## - INTERNATIONAL STANDARD BOOK NUMBER
Terms of availability 180.00
International Standard Book Number 9789388927475
035 ## - SYSTEM CONTROL NUMBER
System control number EN-111260
037 ## - SOURCE OF ACQUISITION
Source of stock number/acquisition DBAD/PUB
082 ## - DEWEY DECIMAL CLASSIFICATION NUMBER
Classification number 305.2350954
100 ## - MAIN ENTRY--PERSONAL NAME
Personal name Dave,Vishal
245 ## - TITLE STATEMENT
Title Chetan Bhagat's Views in What young India wants/
Statement of responsibility, etc by Dave,Vishal
260 ## - PUBLICATION, DISTRIBUTION, ETC. (IMPRINT)
Place of publication, distribution, etc Ahmedabad
Date of publication, distribution, etc 2019
Name of publisher, distributor, etc Vedant Publication
270 ## - ADDRESS
Address Rajkot, Ahmedabad, Surat
Postal code 360001
City Ahmedabad
300 ## - PHYSICAL DESCRIPTION
Extent 95p.
Other physical details 21cm(pbk)
942 ## - ADDED ENTRY ELEMENTS (KOHA)
Source of classification or shelving scheme Dewey Decimal Classification
Item type English Books
Classification part 305.2350954
Call number suffix DAV
Holdings
Withdrawn status Lost status Not for loan Collection code Home library Current library Date acquired Source of acquisition Cost, normal purchase price Full call number Barcode Copy number Cost, replacement price Koha item type
      Non-fiction Central Library Central Library 13/02/2020 DBAD/PUB 180.00 305.2350954 DAV EN-111260 1 180.00 English Books

© Delhi Public Library
Hit Counter
free hit counter